| 000 | 01511nam a22003494a 4500 | ||
|---|---|---|---|
| 001 | ebr10040158 | ||
| 003 | CaPaEBR | ||
| 006 | m u | ||
| 007 | cr cn||||||||| | ||
| 008 | 010322s2001 nyu sbs 001 0 eng | ||
| 010 | _z 2001001750 | ||
| 020 | _z1931202001 (alk. paper) | ||
| 040 |
_aCaPaEBR _cCaPaEBR |
||
| 035 | _a(OCoLC)53437272 | ||
| 050 | 1 | 4 |
_aHV9104 _b.A825 2001eb |
| 082 | 0 | 4 |
_a365/.42/0973 _221 |
| 100 | 1 | _aArmstrong, Gaylene Styve. | |
| 245 | 1 | 0 |
_aPrivate vs. public operation of juvenile correctional facilities _h[electronic resource] / _cGaylene Styve Armstrong. |
| 246 | 3 | 0 | _aPrivate versus public operation of juvenile correctional facilities |
| 260 |
_aNew York : _bLFB Scholarly Publishing LLC, _c2001. |
||
| 300 | _aix, 177 p. | ||
| 490 | 1 | _aCriminal justice recent scholarship | |
| 504 | _aIncludes bibliographical references (p. 171-176) and index. | ||
| 533 |
_aElectronic reproduction. _bPalo Alto, Calif. : _cebrary, _d2013. _nAvailable via World Wide Web. _nAccess may be limited to ebrary affiliated libraries. |
||
| 650 | 0 |
_aJuvenile corrections _zUnited States _xEvaluation. |
|
| 650 | 0 |
_aJuvenile corrections _xContracting out _zUnited States. |
|
| 650 | 0 |
_aPrivatization _zUnited States. |
|
| 655 | 7 |
_aElectronic books. _2local |
|
| 710 | 2 | _aebrary, Inc. | |
| 830 | 0 | _aCriminal justice (LFB Scholarly Publishing LLC) | |
| 856 | 4 | 0 |
_uhttp://site.ebrary.com/lib/rucke/Doc?id=10040158 _zAn electronic book accessible through the World Wide Web; click to view |
| 999 |
_c156081 _d156081 |
||